000 00439nam a22001697a 4500
003 MPLRDC
005 20220104124032.0
008 210129b ||||| |||| 00| 0 eng d
082 _a889 LMSJ v.135 c.2
100 _a贝蒂. 尼尔斯
245 _a淡愁
_c尔彦译
260 _a
_b骏马文化公司
_c1983
300 _b
490 _a罗曼史集. 135
650 _a西洋小说之中文翻译
942 _cBK
_o889 LMSJ v.135 c.2
999 _c16142
_d16132